Revista jurídica da Universidade de Cuiabá (Record no. 1598)
[ view plain ]
| 000 -LÍDER | |
|---|---|
| Campo Fixo de Controle | 00875nam a22003017a 4500 |
| 001 - NÚMERO DE CONTROLE | |
| Campo de Controle | 1598 |
| 003 - IDENTIFICAÇÃO DO NÚMERO DE CONTROLE | |
| Campo de Controle | BR-CuiBMT |
| 005 - DATA E HORA DA ÚLTIMA ATUALIZAÇÃO | |
| Campo de Controle | 20231216223439.0 |
| 008 - DADOS FIXOS | |
| Dados Fixos | 231216c1999 mtbfr p 0 a1por d |
| 022 ## - INTERNATIONAL STANDARD SERIAL NUMBER | |
| Nº do ISSN | 1519-1753 |
| 040 ## - AGÊNCIA CATALOGADORA | |
| Código da Agência Catalogadora | BR-CuiBMT |
| Agência que transcreveu o registro | BR-CuiBMT |
| 080 ## - Nº DA CLASSIFICAÇÃO DECIMAL UNIVERSAL | |
| Nº Class. CDU | 34 |
| Subd. Auxiliar Comum | (05) |
| Nº edição CDU | 2007 |
| 090 ## - NÚMERO DE CHAMADA | |
| Complemento | Periódico |
| Nº classificação | 34(05) |
| 097 ## - AVALIAÇÃO CAPES | |
| Avaliação CAPES | A |
| CAPES Circulação | Local |
| CAPES Área avaliação | Interdisciplinar |
| 097 ## - AVALIAÇÃO CAPES | |
| Avaliação CAPES | C |
| CAPES Circulação | Local |
| CAPES Área avaliação | Educação |
| 098 ## - CÓDIGO CCN | |
| Código CCN | 095028-9 |
| 210 1# - TÍTULO ABREVIADO | |
| Título abreviado | Rev. juríd. Univ. Cuiabá |
| 245 00 - TÍTULO PRINCIPAL | |
| Título principal | Revista jurídica da Universidade de Cuiabá |
| 260 ## - PUBLICAÇÃO, DISTRIBUIÇÃO, ETC. | |
| Local de publicação | Cuiabá : |
| Editora | EdUNIC, |
| Data | 1999- |
| 300 ## - DESCRIÇÃO FÍSICA | |
| N. páginas ou volumes | v. ; |
| Ilustrações | 23 cm |
| 310 ## - PERIODICIDADE ATUAL DA PUBLICAÇÃO | |
| Periodicidade atual da publicação | Semestral |
| Data da periodicidade atual da publicação | 2010- |
| 321 0# - PERIODICIDADE ANTERIOR DA PUBLICAÇÃO | |
| Periodicidade anterior da publicação | Vol. 1, no. 1 (1999) - |
| 362 ## - DATAS DA PUBLICAÇÃO E/OU DESIGNAÇÃO SEQUENCIAL | |
| Datas de publicação e/ou designação sequencial | Data de início da coleção na Biblioteca : 2006 - |
| 650 ## - ASSUNTO TÓPICO | |
| Cabeçalho tópico ou nome geográfico | Direito |
| Subdivisão de forma | Periódicos |
| 650 ## - ASSUNTO TÓPICO | |
| Cabeçalho tópico ou nome geográfico | Ciências jurídicas |
| Subdivisão de forma | Periódicos |
| 710 2# - ENTRADA SECUNDÁRIA -- ENTIDADE | |
| Nome da entidade ou lugar | Universidade de Cuiabá. |
| 942 ## - ELEMENTOS DE ENTRADA ADICIONAIS (KOHA) | |
| Fonte de classificação ou esquema de arquivamento | Classificação Decimal Universal |
| Tipo de item do Koha | Periódicos |
| Estado: removido | Estado: perdido | Fonte de classificação ou esquema de arquivamento | Estado: danificado | Indisponível para empréstimo | Código da coleção | Localização permanente | Localização atual | Data de aquisição | Numeração serial / cronológica | Total Checkouts | Número de Chamada completo | Código de barras | Date last seen | Número do exemplar | Preço efetivo a partir de | Tipo de item (Koha) |
|---|---|---|---|---|---|---|---|---|---|---|---|---|---|---|---|---|
| Classificação Decimal Universal | Periódicos | Biblioteca da Escola Superior de Contas do TCE/MT | Biblioteca da Escola Superior de Contas do TCE/MT | 16/12/2023 | v. 8, n. 2, jul./dez. 2006 | Periódico 34(05) | BIBTCEMT23120720 | 16/12/2023 | Ex. 1 | 16/12/2023 | Periódicos | |||||
| Classificação Decimal Universal | Periódicos | Biblioteca da Escola Superior de Contas do TCE/MT | Biblioteca da Escola Superior de Contas do TCE/MT | 16/12/2023 | v. 9, n. 2, jul./dez. 2007 | Periódico 34(05) | BIBTCEMT23120723 | 17/12/2023 | Ex. 1 | 16/12/2023 | Periódicos | |||||
| Classificação Decimal Universal | Periódicos | Biblioteca da Escola Superior de Contas do TCE/MT | Biblioteca da Escola Superior de Contas do TCE/MT | 16/12/2023 | v. 10, n. 1, jan./jun. 2008 | Periódico 34(05) | BIBTCEMT23120724 | 17/12/2023 | Ex. 1 | 16/12/2023 | Periódicos |